000 01116nam0a22002411 4500
001 rc\1186251
005 20250622213150.0
035 _a(NLR Aleph) 006427800
090 _a5516864
_c5516864
100 _a20041129d1980 |||y0rusy50 ca
101 0 _arus
102 _aRU
105 _ay |||||||||
200 1 _aРеволюционное наследие Коммунистического Интернационала
_e[Докл. конф.]
_fНауч. конф., посвящ. 60-летию основания Ком. Интернационала, Москва, 16 марта 1979 г.
210 _aМ.
_cПолитиздат
_d1980
215 _a128 с.
_d20
300 _aВ надзаг.: Ин-т марксизма-ленинизма при ЦК КПСС, Акад. обществ. наук при ЦК КПСС
712 1 2 _aНаучная конф., посвященная 60-летию основания Коммунистического Интернационала
_f1979
_eМосква
801 0 _aRU
_bNLR
_gpsbo
801 1 _aRU
_bELAR
_2rusmarc
852 _aNLR
_j80-3/7573
942 _cBOOK
980 _aNB